00833nam a2200289 a 450000100100000000500170001000800410002702000150006802000270008302000270011004100080013708200200014510000110016524500710017626000340024730000570028165000220033865000220036065000200038265000210040265000100042365000080043365000140044170000300045570000270048570000310051200000651620200120221840.0990306s1997 es a gr 000 0 spa d a8449403596 a8449403626 (Volumen 3) a844940360x (Volumen 1) aspa04a641.59861bG71g aOceano03bpaso a pasoaLa gran cocina colombiana. /cOceano Grupo editorial. aBarcelona :bOcéano,c1997. aDos Volúmenes :bIlustraciones en color. ;c29 cm.14aRECETAS DE COCINA14aCOCINA COLOMBIANA14aCARNES (COCINA)14aPESCADO (COCINA)14aSOPAS14aPAN14aENSALADAS aGispert, CarloseDirector aRomero, ReFotógrafo aCorpas, AntonioeProductor